Lived in Colonial times / (Record no. 7764)

MARC details
000 -LEADER
fixed length control field 00939nam a22003017a 4500
001 - CONTROL NUMBER
control field 7764
003 - CONTROL NUMBER IDENTIFIER
control field FISKH
005 - DATE AND TIME OF LATEST TRANSACTION
control field 20250805101209.0
008 - FIXED-LENGTH DATA ELEMENTS--GENERAL INFORMATION
fixed length control field 250805b cb ||||| |||| 00| 0 eng d
020 ## - INTERNATIONAL STANDARD BOOK NUMBER
International Standard Book Number 9780590451604
040 ## - CATALOGING SOURCE
Original cataloging agency FISKH
Language of cataloging eng
Transcribing agency FISKH
Modifying agency FISKH
050 ## - LIBRARY OF CONGRESS CALL NUMBER
Classification number F4.3
082 ## - DEWEY DECIMAL CLASSIFICATION NUMBER
Classification number 974.02
100 ## - MAIN ENTRY--PERSONAL NAME
Personal name McGovern, Ann
245 ## - TITLE STATEMENT
Title Lived in Colonial times /
Statement of responsibility, etc. By Ann McGovern ; Illustrated by June Otani
250 ## - EDITION STATEMENT
Edition statement This edition first published in 1992
260 ## - PUBLICATION, DISTRIBUTION, ETC.
Place of publication, distribution, etc. New York :
Name of publisher, distributor, etc. Scholatic,
Date of publication, distribution, etc. 1964
300 ## - PHYSICAL DESCRIPTION
Extent 80 pages :
Other physical details color illustrations ;
Dimensions 19 x 23 cm
505 ## - FORMATTED CONTENTS NOTE
Formatted contents note N<br/>
520 ## - SUMMARY, ETC.
Summary, etc. Describes what it was like to live in the New England colonies during the years 1565 to 1776.<br/>
521 8# - TARGET AUDIENCE NOTE
Target audience note 590<br/>
Source Lexile<br/>
521 8# - TARGET AUDIENCE NOTE
Target audience note N<br/>
Source Raz-Plus<br/>
650 ## - SUBJECT ADDED ENTRY--TOPICAL TERM
Source of heading or term American history
Topical term or geographic name entry element Colonial times
650 ## - SUBJECT ADDED ENTRY--TOPICAL TERM
Source of heading or term Thanksgiving
Topical term or geographic name entry element New England
700 ## - ADDED ENTRY--PERSONAL NAME
Personal name Otani, June
Dates associated with a name illustrator
942 ## - ADDED ENTRY ELEMENTS (KOHA)
Source of classification or shelving scheme Dewey Decimal Classification
Koha item type Books
Suppress in OPAC No
Holdings
Withdrawn status Lost status Source of classification or shelving scheme Damaged status Not for loan Collection Home library Current library Shelving location Date acquired Total Checkouts Full call number Barcode Date last seen Copy number Price effective from Koha item type
    Dewey Decimal Classification     Juvenile Fiction Footprints International School Library Network Toul Tom Poung Campus Footprints International School Library Network Toul Tom Poung Campus TTP Primary Yellow Bookshelves 08/05/2025   MCG 974.02 F4.3 FISBK06269 08/05/2025 1 08/05/2025 Books
    Dewey Decimal Classification     Juvenile Fiction Footprints International School Library Network Toul Tom Poung Campus Footprints International School Library Network Toul Tom Poung Campus TTP Primary Yellow Bookshelves 10/28/2025   MCG 974.02 F4.3 FIS01751 10/28/2025 2 10/28/2025 Books
    Dewey Decimal Classification     Juvenile Fiction Footprints International School Library Network Toul Tom Poung Campus Footprints International School Library Network Toul Tom Poung Campus TTP Primary Yellow Bookshelves 10/28/2025   MCG 974.02 F4.3 FIS02229 10/28/2025 3 10/28/2025 Books